[Event "ROM-ch U10 Girls"]
[Site "Calimanesti Caciulata"]
[Date "2019.04.18"]
[Round "5.21"]
[White "Iacob, Amelia Jasmine"]
[Black "Nita, Ana Miruna"]
[Result "1-0"]
[WhiteElo "1001"]
[BlackElo "1001"]
[PlyCount "35"]
[EventDate "2019.04.15"]
[EventType "swiss"]
[EventRounds "9"]
[EventCountry "ROU"]
[SourceTitle "EXT 2024"]
[Source "ChessBase"]
[SourceDate "2023.10.10"]
[SourceVersion "1"]
[SourceVersionDate "2023.10.10"]
[SourceQuality "1"]

1. d4 d5 2. c4 dxc4 3. e3 Bf5 4. Bxc4 Nf6 5. Nc3 e6 6. Nf3 Nc6 7. 0-0 Bd6 8. d5 Na5 9. Bb5+ c6 10. dxc6 bxc6 11. Ba4 0-0 12. e4 Nxe4 13. Nxe4 Bxe4 14. Bg5 Qe8 15. Qxd6 Bd5 16. Qg3 Rb8 17. Bh6 Rb4 18. Qxg7# 1-0